000 00441nam a22001697a 4500
003 OSt
005 20140310182350.0
008 130930t xxu||||| |||| 00| 0 eng d
020 _a0816712069
050 _aPZ 7
_b.D664Han 1988
082 _aGS 823
_bD66h 1988
245 _aHans Brinker /
_cLouise Betts
260 _aNew York :
_bTroll Associates,
_c1988.
300 _a44 p. :
_bill. ;
_c28 cm.
942 _2lcc
_cBK-GS
999 _c12338
_d12338